Verhandlungen der kaiserlich-königlichen zoologisch-botanischen Gesellschaft in Wien XLIII. Band

Podrobná bibliografia
Korporatívny autor: Holzhausen, Adolf (Viedeň, Rakúsko) (Tlačiar)
Ďalší autori: Fritsch, Karl, 1864-1934 (Editor)
Médium: Kniha
Jazyk:nemčina
Fyzický popis:XL, 54 s., 586 s. ilustrácie 22 cm
Vydavateľské údaje: Wien Herausgegeben von der Gesellschaft 1894
Edícia:Werhandlungen der kaiserlich-königlichen zoologisch-botanischen Gesellschaft in Wien 43
Predmet:

MARC

LEADER 00000nam a2200000 4500
001 vtls011580813
003 SK-MaSNL
005 20260331210431.0
008 251112s1894 au 0 1n0 ger
015 |a SNBHFA1894 
020 |q (viaz.) 
040 |a SNKHF  |b slo  |c SNK  |e AACR2 
041 0 |a ger 
044 |a au  |c AT 
072 7 |a 59  |x Zoológia  |2 konspekt 
072 7 |a 58  |x Botanika  |2 konspekt 
080 |a 59  |2 2011 
080 |a 58  |2 2011 
100 1 |a Fritsch, Karl,  |d 1864-1934  |4 edt  |9 343901 
245 1 0 |a Verhandlungen der kaiserlich-königlichen zoologisch-botanischen Gesellschaft in Wien  |n XLIII. Band  |c Redigirt von Dr. Carl Fritsch 
246 1 |i Súčasť zbierky:  |a Knižnica Andreja Kmeťa 
260 |a Wien  |b Herausgegeben von der Gesellschaft  |c 1894  |e Wien  |f Druck von Adolf Holzhausen, k. und k. Hof- und Universitäts - Buchdrucker 
300 |a XL, 54 s., 586 s.  |b ilustrácie  |c 22 cm 
490 0 |a Werhandlungen der kaiserlich-königlichen zoologisch-botanischen Gesellschaft in Wien  |v 43 
500 |a Na titulnom liste uvedené: Mit 7 Tafeln und 19 Figuren im Texte 
500 |a Prílohy: ilustrácie rastlín a hmyzu 
500 |a Na titulnom liste uvedené: Im Inlande besorgt durch A. Hölder, k. und k. Hof-und Universitäts-Buchhändler. Für das Ausland in Commission bei F. A. Brockhaus in Leipzig 
504 |a Register 
504 |a Tlačené poznámky pod čiarou 
546 |a Nemčina 
561 |a Okrúhla pečiatka: Museálna Slovenská spoločnosť.  |5 SNK ČC 293/43/1894 
650 0 7 |a botanika  |2 SNKPH  |9 688 
650 0 7 |a zoológia  |2 SNKPH  |9 699 
700 1 |a Kmeť, Andrej,  |d 1841-1908  |4 fmo  |9 191981 
700 1 |a Hölder, Alfred,  |d 1835-1915  |4 bsl  |9 343902 
710 0 |a Holzhausen, Adolf (Viedeň, Rakúsko),  |d 1868-1931  |4 prt  |9 54745 
710 0 |a Brockhaus, F. A. (Lipsko, Nemecko)  |4 dst  |9 313637 
752 |a Rakúsko  |d Viedeň 
852 |a snk  |p ČC 293/43/1894 
958 |a ONDV 
999 |c 589177  |d 591107 
952 |t Kme X/809/l  |a SNK  |b SNK  |y PREZ  |7 0  |p 17A1129093  |o snkČC 293/43/1894  |i snkF 86/1972  |8 5  |0 0  |1 0  |4 0  |d 2016-09-21  |l 0  |r 2026-02-23 15:19:33  |w 2026-02-23